[Event "New Zealand Junior Championship"]
[Site "Wellington"]
[Date "2023.01.09"]
[Round "7.12"]
[White "Sun, Wanyao Sarah"]
[Black "Mavaram, Eashan"]
[Result "1-0"]
[TimeControl "60 mins plus 30 secs per move"]
[WhiteFideId "4313887"]
[BlackFideId "4317416"]
[WhiteElo "1635"]
[BlackElo "1441"]

1. e4 {[%clk 01:00:58]} {[%emt 00:00:02]} e6 {[%clk 01:00:51]} {[%emt
00:00:09]} 2. d4 {[%clk 01:01:23]} {[%emt 00:00:04]} d5 {[%clk 01:01:15]}
{[%emt 00:00:07]} 3. Nc3 {[%clk 01:01:50]} {[%emt 00:00:05]} Nf6 {[%clk
01:01:34]} {[%emt 00:00:08]} 4. e5 {[%clk 01:02:16]} {[%emt 00:00:03]} Nfd7
{[%clk 01:01:49]} {[%emt 00:00:15]} 5. f4 {[%clk 01:02:38]} {[%emt 00:00:08]}
c5 {[%clk 01:02:10]} {[%emt 00:00:10]} 6. Nf3 {[%clk 01:03:02]} {[%emt
00:00:06]} Nc6 {[%clk 01:00:33]} {[%emt 00:02:08]} 7. Be3 {[%clk 01:03:16]}
{[%emt 00:00:14]} Qb6 {[%clk 00:59:48]} {[%emt 00:01:15]} 8. Na4 {[%clk
01:02:50]} {[%emt 00:00:56]} Qc7 {[%clk 00:56:27]} {[%emt 00:03:50]} 9. Nxc5
{[%clk 01:00:57]} {[%emt 00:02:24]} Nxc5 {[%clk 00:56:39]} {[%emt 00:00:18]} 10.
dxc5 {[%clk 01:01:21]} {[%emt 00:00:05]} Bd7 {[%clk 00:52:33]} {[%emt
00:04:37]} 11. Be2 {[%clk 00:59:43]} {[%emt 00:02:08]} Rc8 {[%clk 00:50:02]}
{[%emt 00:03:01]} 12. O-O {[%clk 00:57:17]} {[%emt 00:02:56]} Be7 {[%clk
00:48:04]} {[%emt 00:02:28]} 13. Bd3 {[%clk 00:56:08]} {[%emt 00:01:37]} Qa5
{[%clk 00:47:01]} {[%emt 00:01:34]} 14. Ng5 {[%clk 00:50:57]} {[%emt 00:05:41]}
Bxc5 {[%clk 00:41:53]} {[%emt 00:05:39]} 15. Bxc5 {[%clk 00:51:07]} {[%emt
00:00:20]} Qxc5+ {[%clk 00:42:13]} {[%emt 00:00:09]} 16. Kh1 {[%clk 00:51:31]}
{[%emt 00:00:04]} Qe7 {[%clk 00:39:38]} {[%emt 00:03:07]} 17. Qh5 {[%clk
00:50:53]} {[%emt 00:01:06]} g6 {[%clk 00:35:26]} {[%emt 00:04:44]} 18. Qh3
{[%clk 00:48:58]} {[%emt 00:02:22]} Kf8 {[%clk 00:32:40]} {[%emt 00:03:19]} 19.
c4 {[%clk 00:44:51]} {[%emt 00:04:36]} dxc4 {[%clk 00:32:04]} {[%emt 00:01:07]}
20. Bxc4 {[%clk 00:45:11]} {[%emt 00:00:10]} Nd4 {[%clk 00:30:07]} {[%emt
00:02:28]} 21. Bd3 {[%clk 00:43:22]} {[%emt 00:02:18]} Kg7 {[%clk 00:28:01]}
{[%emt 00:02:36]} 22. Ne4 {[%clk 00:42:51]} {[%emt 00:01:00]} h5 {[%clk
00:23:41]} {[%emt 00:04:52]} 23. Nf6 {[%clk 00:42:42]} {[%emt 00:00:39]} Bb5
{[%clk 00:21:15]} {[%emt 00:02:57]} 24. Bxb5 {[%clk 00:42:53]} {[%emt
00:00:18]} Nxb5 {[%clk 00:21:31]} {[%emt 00:00:14]} 25. Qh4 {[%clk 00:42:36]}
{[%emt 00:00:45]} Qc5 {[%clk 00:20:13]} {[%emt 00:01:50]} 26. Ne4 {[%clk
00:41:52]} {[%emt 00:01:13]} Qc7 {[%clk 00:18:02]} {[%emt 00:02:42]} 27. Qf6+
{[%clk 00:42:00]} {[%emt 00:00:22]} Kg8 {[%clk 00:17:09]} {[%emt 00:01:23]} 28.
Ng5 {[%clk 00:42:06]} {[%emt 00:00:23]} Rf8 {[%clk 00:16:02]} {[%emt 00:01:38]}
29. Rfd1 {[%clk 00:41:26]} {[%emt 00:01:07]} a6 {[%clk 00:14:17]} {[%emt
00:02:19]} 30. Rac1 {[%clk 00:41:20]} {[%emt 00:00:34]} Qb6 {[%clk 00:13:49]}
{[%emt 00:00:59]} 31. Nxf7 {[%clk 00:41:23]} {[%emt 00:00:27]} Rh7 {[%clk
00:12:25]} {[%emt 00:01:55]} 32. Qxg6+ {[%clk 00:40:50]} {[%emt 00:01:00]} Rg7
{[%clk 00:12:30]} {[%emt 00:00:28]} 33. Nh6+ {[%clk 00:41:03]} {[%emt
00:00:16]} Kh8 {[%clk 00:12:20]} {[%emt 00:00:40]} 34. Qxh5 {[%clk 00:41:11]}
{[%emt 00:00:21]} Qf2 {[%clk 00:09:00]} {[%emt 00:03:52]} 35. Ng4+ {[%clk
00:40:59]} {[%emt 00:00:40]} Rh7 {[%clk 00:09:20]} {[%emt 00:00:14]} 36. Qxh7+
{[%clk 00:41:05]} {[%emt 00:00:24]} Kxh7 {[%clk 00:09:37]} {[%emt 00:00:12]} 37.
Nxf2 {[%clk 00:41:26]} {[%emt 00:00:09]} Rxf4 {[%clk 00:10:00]} {[%emt
00:00:07]} 38. Nd3 {[%clk 00:41:30]} {[%emt 00:00:25]} Re4 {[%clk 00:09:51]}
{[%emt 00:00:39]} 39. h3 {[%clk 00:41:18]} {[%emt 00:00:41]} Nd4 {[%clk
00:10:08]} {[%emt 00:00:15]} 40. Rc7+ {[%clk 00:41:20]} {[%emt 00:00:28]} Kg6
{[%clk 00:10:14]} {[%emt 00:00:24]} 41. Nc5 {[%clk 00:40:50]} {[%emt 00:00:59]}
Re2 {[%clk 00:09:39]} {[%emt 00:01:06]} 42. Rxd4 {[%clk 00:40:41]} {[%emt
00:00:39]} Rxb2 {[%clk 00:09:47]} {[%emt 00:00:23]} 43. Rxb7 {[%clk 00:40:34]}
{[%emt 00:00:36]} Rxa2 {[%clk 00:10:07]} {[%emt 00:00:10]} 44. Rb6 {[%clk
00:40:54]} {[%emt 00:00:09]} a5 {[%clk 00:10:29]} {[%emt 00:00:11]} 45. Rxe6+
{[%clk 00:41:12]} {[%emt 00:00:11]} Kf5 {[%clk 00:10:42]} {[%emt 00:00:17]} 46.
g4+ {[%clk 00:41:17]} {[%emt 00:00:26]} Kg5 {[%clk 00:11:03]} {[%emt 00:00:09]}
47. Ne4+ {[%clk 00:40:54]} {[%emt 00:00:52]} Kf4 {[%clk 00:11:14]} {[%emt
00:00:19]} 48. Nc3+ {[%clk 00:41:04]} {[%emt 00:00:20]} Ke3 {[%clk 00:11:35]}
{[%emt 00:00:08]} 49. Nxa2 {[%clk 00:41:07]} {[%emt 00:00:28]} Kxd4 {[%clk
00:11:57]} {[%emt 00:00:09]} 50. Rf6 {[%clk 00:41:09]} {[%emt 00:00:26]} Kxe5
{[%clk 00:11:58]} {[%emt 00:00:29]} 51. Rf5+ {[%clk 00:41:28]} {[%emt
00:00:08]} Ke6 {[%clk 00:12:03]} {[%emt 00:00:29]} 52. Rxa5 {[%clk 00:41:24]}
{[%emt 00:00:34]} Kf6 {[%clk 00:12:25]} {[%emt 00:00:08]} 53. g5+ {[%clk
00:41:39]} {[%emt 00:00:15]} Kg6 {[%clk 00:12:40]} {[%emt 00:00:15]} 54. h4
{[%clk 00:41:52]} {[%emt 00:00:12]} 1-0

[Event "New Zealand Junior Championship"]
[Site "Wellington"]
[Date "2023.01.09"]
[Round "7.13"]
[White "Liu, Richard Jingjie"]
[Black "Hookings, Jonathon"]
[Result "1/2-1/2"]
[TimeControl "60 mins plus 30 secs per move"]
[WhiteFideId "4316967"]
[BlackFideId "4314379"]
[WhiteElo "1392"]
[BlackElo "1584"]

1. e4 {[%clk 01:00:58]} {[%emt 00:00:03]} c6 {[%clk 01:01:00]} 2. d4 {[%clk
01:01:19]} {[%emt 00:00:08]} d5 {[%clk 01:01:29]} 3. e5 {[%clk 01:01:45]}
{[%emt 00:00:05]} Bf5 {[%clk 01:01:56]} {[%emt 00:00:02]} 4. c4 {[%clk
01:01:49]} {[%emt 00:00:26]} dxc4 {[%clk 01:00:31]} {[%emt 00:01:57]} 5. Bxc4
{[%clk 01:02:00]} {[%emt 00:00:17]} e6 {[%clk 01:01:00]} {[%emt 00:00:02]} 6.
Nf3 {[%clk 01:01:49]} {[%emt 00:00:40]} Nd7 {[%clk 01:00:31]} {[%emt 00:00:59]}
7. Nc3 {[%clk 01:01:50]} {[%emt 00:00:29]} Nb6 {[%clk 01:00:43]} {[%emt
00:00:18]} 8. Bb3 {[%clk 01:02:12]} {[%emt 00:00:08]} Bg4 {[%clk 00:59:55]}
{[%emt 00:01:19]} 9. Be3 {[%clk 01:02:26]} {[%emt 00:00:16]} Ne7 {[%clk
00:59:57]} {[%emt 00:00:28]} 10. h3 {[%clk 01:02:25]} {[%emt 00:00:31]} Bxf3
{[%clk 00:59:10]} {[%emt 00:01:17]} 11. Qxf3 {[%clk 01:02:45]} {[%emt
00:00:10]} Ned5 {[%clk 00:58:03]} {[%emt 00:01:37]} 12. O-O {[%clk 01:02:46]}
{[%emt 00:00:28]} Be7 {[%clk 00:57:44]} {[%emt 00:00:50]} 13. Nxd5 {[%clk
01:03:05]} {[%emt 00:00:11]} Nxd5 {[%clk 00:52:57]} {[%emt 00:05:16]} 14. Bxd5
{[%emt 00:00:14]} Qxd5 {[%clk 00:52:51]} {[%emt 00:00:31]} 15. Qxd5 {[%emt
00:00:59]} cxd5 {[%clk 00:52:00]} {[%emt 00:01:20]} 16. Rac1 {[%clk 01:03:16]}
{[%emt 00:00:14]} Kd7 {[%clk 00:52:20]} {[%emt 00:00:10]} 17. Rc3 {[%clk
01:03:36]} {[%emt 00:00:10]} Rhc8 {[%clk 00:52:36]} {[%emt 00:00:13]} 18. Rfc1
{[%clk 01:03:51]} {[%emt 00:00:15]} Rc6 {[%clk 00:51:33]} {[%emt 00:01:34]} 19.
a3 {[%clk 01:04:05]} {[%emt 00:00:16]} Rac8 {[%clk 00:51:53]} {[%emt 00:00:09]}
20. Bd2 {[%clk 01:04:28]} {[%emt 00:00:06]} Bd8 {[%clk 00:50:31]} {[%emt
00:01:52]} 21. Kf1 {[%clk 01:04:40]} {[%emt 00:00:19]} Bb6 {[%clk 00:50:45]}
{[%emt 00:00:17]} 22. Be3 {[%clk 01:03:41]} {[%emt 00:01:29]} Rxc3 {[%clk
00:48:51]} {[%emt 00:02:24]} 23. Rxc3 {[%clk 01:03:59]} {[%emt 00:00:12]} Rc4
{[%clk 00:47:14]} {[%emt 00:02:06]} 24. Ke2 {[%emt 00:00:53]} Ba5 {[%clk
00:47:25]} {[%emt 00:00:18]} 25. Rc1 {[%clk 01:03:06]} {[%emt 00:01:02]} a6
{[%clk 00:41:58]} {[%emt 00:05:57]} 26. Kd3 {[%clk 01:03:16]} {[%emt 00:00:19]}
Rc6 {[%clk 00:40:32]} {[%emt 00:01:56]} 27. b4 {[%clk 01:03:26]} {[%emt
00:00:21]} Bd8 {[%clk 00:40:45]} {[%emt 00:00:16]} 28. Rxc6 {[%clk 01:00:46]}
{[%emt 00:03:10]} bxc6 {[%clk 00:39:40]} {[%emt 00:01:36]} 29. Kc3 {[%clk
01:00:10]} {[%emt 00:01:05]} Kc7 {[%clk 00:39:42]} {[%emt 00:00:29]} 30. Kb3
{[%clk 01:00:35]} {[%emt 00:00:05]} Kb6 {[%clk 00:40:04]} {[%emt 00:00:08]} 31.
Ka4 {[%clk 01:00:54]} {[%emt 00:00:08]} Be7 {[%clk 00:39:16]} {[%emt 00:01:20]}
32. f4 {[%clk 01:00:45]} {[%emt 00:00:40]} Bh4 {[%clk 00:39:27]} {[%emt
00:00:19]} 33. g4 {[%clk 01:00:01]} {[%emt 00:01:14]} g6 {[%clk 00:38:59]}
{[%emt 00:00:58]} 34. Kb3 {[%clk 00:56:54]} {[%emt 00:03:37]} a5 {[%clk
00:34:41]} {[%emt 00:04:48]} 35. bxa5+ {[%clk 00:56:04]} {[%emt 00:01:23]} Kxa5
{[%clk 00:34:49]} {[%emt 00:00:19]} 36. a4 {[%clk 00:56:02]} {[%emt 00:00:33]}
Be1 {[%clk 00:35:05]} {[%emt 00:00:14]} 37. Ka3 {[%clk 00:55:38]} {[%emt
00:00:54]} Kb6 {[%clk 00:31:41]} {[%emt 00:03:54]} 38. Kb3 {[%clk 00:55:49]}
{[%emt 00:00:19]} Ka6 {[%clk 00:32:03]} {[%emt 00:00:07]} 39. Ka2 {[%clk
00:56:04]} {[%emt 00:00:15]} Bb4 {[%clk 00:31:59]} {[%emt 00:00:35]} 40. Kb3
{[%clk 00:56:28]} {[%emt 00:00:06]} Ka5 {[%clk 00:32:17]} {[%emt 00:00:13]} 41.
Bc1 {[%clk 00:56:37]} {[%emt 00:00:20]} h5 {[%clk 00:31:47]} {[%emt 00:00:59]}
42. gxh5 {[%clk 00:56:06]} {[%emt 00:01:01]} gxh5 {[%clk 00:32:13]} {[%emt
00:00:04]} 43. Be3 {[%clk 00:56:28]} {[%emt 00:00:08]} Be7 {[%clk 00:30:37]}
{[%emt 00:02:06]} 44. Bd2+ {[%clk 00:56:37]} {[%emt 00:00:21]} Ka6 {[%clk
00:30:47]} {[%emt 00:00:20]} 45. Be3 {[%clk 00:56:54]} {[%emt 00:00:12]}
1/2-1/2

[Event "New Zealand Junior Championship"]
[Site "Wellington"]
[Date "2023.01.09"]
[Round "7.14"]
[White "Tang, Tracy"]
[Black "Sun, Taoran Ethan"]
[Result "1/2-1/2"]
[TimeControl "60 mins plus 30 secs per move"]
[WhiteFideId "4311647"]
[BlackFideId "4313879"]
[WhiteElo "1538"]
[BlackElo "1219"]

1. d4 {[%clk 01:00:54]} {[%emt 00:00:03]} Nf6 {[%clk 01:00:10]} {[%emt
00:00:49]} 2. Nf3 {[%clk 01:01:17]} {[%emt 00:00:08]} g6 {[%clk 01:00:35]}
{[%emt 00:00:05]} 3. c4 {[%clk 01:01:27]} {[%emt 00:00:20]} Bg7 {[%clk
01:00:54]} {[%emt 00:00:10]} 4. Nc3 {[%clk 01:01:48]} {[%emt 00:00:11]} d6
{[%clk 01:01:18]} {[%emt 00:00:05]} 5. e4 {[%clk 01:02:07]} {[%emt 00:00:11]}
O-O {[%clk 01:01:39]} {[%emt 00:00:09]} 6. Be3 {[%clk 01:02:25]} {[%emt
00:00:13]} Nbd7 {[%clk 01:01:43]} {[%emt 00:00:26]} 7. Be2 {[%clk 01:02:29]}
{[%emt 00:00:25]} c5 {[%clk 01:00:58]} {[%emt 00:01:16]} 8. d5 {[%clk
01:02:31]} {[%emt 00:00:28]} Nb6 {[%clk 00:59:22]} {[%emt 00:02:07]} 9. Qd2
{[%clk 01:00:24]} {[%emt 00:02:36]} Ne8 {[%emt 00:02:01]} 10. Bh6 {[%clk
00:55:02]} {[%emt 00:05:01]} f5 {[%clk 00:58:08]} {[%emt 00:01:03]} 11. Bxg7
{[%clk 00:53:45]} {[%emt 00:01:47]} Kxg7 {[%clk 00:57:21]} {[%emt 00:01:16]} 12.
e5 {[%clk 00:50:53]} {[%emt 00:03:23]} e6 {[%clk 00:55:08]} {[%emt 00:02:43]}
13. dxe6 {[%clk 00:45:45]} {[%emt 00:05:38]} Bxe6 {[%clk 00:55:15]} {[%emt
00:00:22]} 14. b3 {[%clk 00:44:42]} {[%emt 00:01:33]} dxe5 {[%clk 00:54:36]}
{[%emt 00:01:10]} 15. Qxd8 {[%clk 00:44:49]} {[%emt 00:00:24]} Rxd8 {[%clk
00:55:00]} {[%emt 00:00:05]} 16. Nxe5 {[%clk 00:45:10]} {[%emt 00:00:09]} Nd7
{[%clk 00:54:40]} {[%emt 00:00:50]} 17. O-O-O {[%clk 00:44:09]} {[%emt
00:01:33]} Nef6 {[%clk 00:54:56]} {[%emt 00:00:13]} 18. Nf3 {[%clk 00:42:39]}
{[%emt 00:01:59]} Rfe8 {[%clk 00:54:10]} {[%emt 00:01:15]} 19. Rhe1 {[%clk
00:41:11]} {[%emt 00:01:58]} Ne4 {[%clk 00:53:03]} {[%emt 00:01:38]} 20. Nxe4
{[%clk 00:41:07]} {[%emt 00:00:34]} fxe4 {[%clk 00:52:12]} {[%emt 00:01:21]} 21.
Ng5 {[%clk 00:40:57]} {[%emt 00:00:40]} Bf5 {[%clk 00:52:07]} {[%emt 00:00:35]}
22. g4 {[%clk 00:40:27]} {[%emt 00:01:00]} Be6 {[%clk 00:52:03]} {[%emt
00:00:34]} 23. Nxe4 {[%clk 00:40:29]} {[%emt 00:00:27]} b6 {[%clk 00:47:47]}
{[%emt 00:04:47]} 24. h3 {[%clk 00:39:43]} {[%emt 00:01:16]} Bf7 {[%clk
00:45:24]} {[%emt 00:02:53]} 25. Nd6 {[%clk 00:39:21]} {[%emt 00:00:52]} Re7
{[%clk 00:45:11]} {[%emt 00:00:42]} 26. Bf3 {[%clk 00:38:40]} {[%emt 00:01:12]}
Ne5 {[%clk 00:43:39]} {[%emt 00:02:02]} 27. Nf5+ {[%clk 00:37:00]} {[%emt
00:02:10]} gxf5 {[%clk 00:43:39]} {[%emt 00:00:30]} 28. Rxd8 {[%clk 00:37:22]}
{[%emt 00:00:09]} Nd3+ {[%clk 00:43:43]} {[%emt 00:00:25]} 29. Rxd3 {[%clk
00:37:07]} {[%emt 00:00:45]} Rxe1+ {[%clk 00:44:01]} {[%emt 00:00:13]} 30. Kb2
{[%clk 00:34:22]} {[%emt 00:03:15]} fxg4 {[%clk 00:44:09]} {[%emt 00:00:22]} 31.
Bxg4 {[%clk 00:34:38]} {[%emt 00:00:13]} Re7 {[%clk 00:44:14]} {[%emt
00:00:25]} 32. Rd7 {[%clk 00:34:14]} {[%emt 00:00:54]} Rxd7 {[%clk 00:44:25]}
{[%emt 00:00:20]} 33. Bxd7 {[%clk 00:34:33]} {[%emt 00:00:11]} Kg6 {[%clk
00:44:16]} {[%emt 00:00:38]} 34. Kc3 {[%clk 00:33:17]} {[%emt 00:01:47]} Kg5
{[%clk 00:43:56]} {[%emt 00:00:49]} 35. Kd3 {[%clk 00:32:42]} {[%emt 00:01:05]}
Kf4 {[%clk 00:43:25]} {[%emt 00:01:01]} 36. Ke2 {[%clk 00:31:58]} {[%emt
00:01:14]} Bg6 {[%clk 00:43:22]} {[%emt 00:00:32]} 37. h4 {[%clk 00:31:25]}
{[%emt 00:01:04]} Bb1 {[%clk 00:42:48]} {[%emt 00:01:04]} 1/2-1/2